| 000 | 00723nam a22001697a 4500 | ||
|---|---|---|---|
| 005 | 20251108165546.0 | ||
| 008 | 250721s1981 xx 000 0 ara d | ||
| 082 | 1 | 4 | _aم/320.158/ندو |
| 111 | 2 | _aندوة تجربة دولة الإمارات العربية المتحدة ، بيروت ، 1980 | |
| 245 | 1 | 0 | _aبحوث و مناقشات ندوة تجربة دولة الإمارات العربية المتحدة التي نظمها مركز دراسات الوحدة العربية / |
| 264 | 1 |
_aبيروت : _bمركز دراسات الوحدة العربية، _c1981. |
|
| 300 | _a815ص : فهارس | ||
| 650 | 1 | 7 | _aالقومية |
| 650 | 1 | 7 | _aالوحدة العربية |
| 942 |
_2ddc _cREF |
||
| 999 |
_c30749 _d30749 |
||